000 00924nam a2200265 i 4500
001 15977
003 ES-MaACL
005 20230906151220.0
007 t|
008 000530s1999 sp ||||0| spa j
020 _a84-7846-795-5
040 _aM-BN
_bspa
_cM-BN
080 _a338.45(460.187 Béjar)"16/18":677.31
100 1 _aRos Massana, Rosa.
_999592
245 1 3 _aLa industria textil lanera de Béjar (1680-1850)
_b: la formación de un enclave industrial /
_cRosa Ros Massana.
260 _a[Valladolid] :
_bConsejería de Educación y Cultura,
_c1999.
300 _a352 p. ;
_c25 cm.
490 1 _aEstudios de historia
500 _aBasado en la tesis de la autora.
650 _aIndustria textil-
_zBéjar.
_9163154
710 1 _aCastilla y León.
_bConsejería de Educación y Cultura.
_92500
830 0 _aEstudios de historia
_9179197
852 _aES-MaACL
_jL-23227
_bR.128283
999 _c15977
_d15977